|
|
|
|
| LEADER |
01353nam a2200289 a 4500 |
| 001 |
0017424 |
| 003 |
BD-DhAAL |
| 008 |
090707s2008 cou b 001 0 eng d |
| 010 |
|
|
|a 2006036746
|
| 020 |
|
|
|a 8130908042
|
| 020 |
|
|
|a 9788130908045
|
| 040 |
|
|
|a DLC
|c DLC
|d BTCTA
|d BAKER
|d C#P
|d YDXCP
|d DLC
|d BD-DhAAL
|
| 082 |
0 |
0 |
|a 808.89896
|2 22
|
| 245 |
0 |
4 |
|a The Rienner anthology of African literature /
|c edited by Anthonia C. Kalu.
|
| 246 |
3 |
0 |
|a Anthology of African literature
|
| 260 |
|
|
|a Boulder :
|b Lynne Rienner Publishers, ;
|a New Delhi :
|b Viva Books,
|c c2008.
|
| 300 |
|
|
|a xiii, 976 p. ;
|c 24 cm
|
| 504 |
|
|
|a Includes bibliographical references (pages 962-965) and indexes.
|
| 526 |
|
|
|a ENH
|x Professor Syed Manzoorul Islam
Coordinator
Department of English and Humanities
BRAC University
|
| 541 |
1 |
|
|e 00017424
|a Friends' Book Corner
|
| 650 |
|
0 |
|a African literature
|v Translations into English.
|9 58224
|
| 650 |
|
0 |
|a African literature (English).
|9 3590
|
| 700 |
1 |
|
|a Kalu, Anthonia C.
|9 58225
|
| 852 |
4 |
|
|a Ayesha Abed Library
|c General Stacks
|
| 942 |
|
|
|2 ddc
|c BK
|
| 999 |
|
|
|c 2117
|d 2117
|
| 952 |
|
|
|0 0
|1 0
|2 ddc
|4 0
|6 808_898960000000000_RIE_2008
|7 0
|9 1947
|a BRACUL
|b BRACUL
|c GEN
|d 2009-07-07
|e Friends' Book Corner
|g 1990.00
|l 4
|m 7
|o 808.89896 RIE
|p 3010017424
|r 2019-01-07
|s 2018-11-19
|t 1
|w 2009-07-07
|y BK
|x Requisitioned by Professor Syed Manzoorul Islam (Coordinator).
|